[Event "Politiken Cup 2008"]
[Site "Helsingør DEN"]
[Date "2008.07.21"]
[Round "4.67"]
[White "Rosenkilde, Alexander"]
[Black "Nielsen, Preben"]
[Result "1-0"]
[WhiteElo "2156"]
[BlackElo "1921"]
[PlyCount "65"]
[EventDate "2008.07.20"]
[EventType "swiss"]
[EventRounds "9"]
[EventCountry "DEN"]
[Source "lmi"]
[SourceDate "2008.07.20"]
[WhiteTeam "Taastrup"]
[BlackTeam "Ålsgårde"]

1. d4 d5 2. c4 e6 3. g3 c6 4. Bg2 Nf6 5. Nf3 Nbd7 6. Qc2 dxc4 7. Qxc4 Bd6 8.
O-O O-O 9. Rd1 Qe7 10. Nbd2 e5 11. dxe5 Nxe5 12. Qc2 Re8 13. b3 Neg4 14. Nf1
Bc5 15. Nd4 Bxd4 16. Rxd4 Qxe2 17. Qxe2 Rxe2 18. h3 Nh6 19. g4 Re8 20. Ne3 Nd5
21. Nxd5 cxd5 22. Bxd5 Be6 23. Bxb7 Rab8 24. Ba6 f5 25. f3 fxg4 26. hxg4 Nf7
27. Bf4 Rb6 28. Bd3 Rb7 29. Re1 g5 30. Bc1 Rd7 31. Rxe6 Rxe6 32. Rxd7 Re1+ 33.
Kf2 1-0

[Event "Politiken Cup 2008"]
[Site "Helsingør DEN"]
[Date "2008.07.21"]
[Round "4.68"]
[White "Helin, Mikael"]
[Black "Struch, Thomas"]
[Result "0-1"]
[WhiteElo "1933"]
[BlackElo "2149"]
[PlyCount "76"]
[EventDate "2008.07.20"]
[EventType "swiss"]
[EventRounds "9"]
[EventCountry "DEN"]
[Source "lmi"]
[SourceDate "2008.07.20"]
[WhiteTeam "Stockholm SS"]
[BlackTeam "Gladsaxe"]

1. e4 e5 2. Nc3 Nf6 3. Bc4 Nc6 4. f4 exf4 5. Nf3 Na5 6. Be2 d5 7. e5 Ne4 8. d3
Nxc3 9. bxc3 g5 10. h4 g4 11. Ng5 h6 12. Nxf7 Kxf7 13. Bxg4 Kg7 14. Bxf4 Be7
15. Bxc8 Qxc8 16. Qh5 Qe8 17. Qf3 Qf7 18. O-O-O Raf8 19. g3 Nc6 20. Rdf1 Qe6
21. d4 Na5 22. Kb1 Nc4 23. Kc1 Qb6 24. Qg4+ Kh7 25. Qd7 Rf7 26. Qxd5 Qb2+ 27.
Kd1 Qb1+ 28. Ke2 Qxc2+ 29. Kf3 Rxf4+ 30. gxf4 Qd3+ 31. Kf2 Qe3+ 32. Kg2 Rg8+
33. Qxg8+ Kxg8 34. Rh3 Qe4+ 35. Kh2 Kf7 36. h5 Ne3 37. Rg1 Qxf4+ 38. Kh1 Qe4+
0-1

[Event "Politiken Cup 2008"]
[Site "Helsingør DEN"]
[Date "2008.07.21"]
[Round "4.69"]
[White "Peschardt, Soren"]
[Black "Joensen, Jogvan"]
[Result "1/2-1/2"]
[WhiteElo "2137"]
[BlackElo "1904"]
[PlyCount "82"]
[EventDate "2008.07.20"]
[EventType "swiss"]
[EventRounds "9"]
[EventCountry "DEN"]
[Source "lmi"]
[SourceDate "2008.07.20"]
[WhiteTeam "BMS"]
[BlackTeam "Havnar Telvingarfelag"]

1. d4 Nf6 2. Nf3 g6 3. c4 c5 4. Nc3 Bg7 5. d5 d6 6. e4 b5 7. cxb5 a6 8. b6 Qxb6
9. Bd3 O-O 10. O-O Nbd7 11. h3 Bb7 12. Nd2 Rfb8 13. Nc4 Qc7 14. Be3 Nb6 15. Qc2
Nxc4 16. Bxc4 Nd7 17. Rab1 Bc8 18. f4 Rb4 19. Be2 Rab8 20. a3 R4b6 21. Rfd1 Qb7
22. b4 Qa7 23. Na4 R6b7 24. bxc5 Nxc5 25. Nxc5 Rb2 26. Rxb2 Rxb2 27. Qc4 dxc5
28. Bxc5 Qb8 29. Be3 Rb3 30. Rd3 Rb1+ 31. Kh2 Bd7 32. Rd1 Rb3 33. Bc1 Rc3 34.
Qb4 Qxb4 35. axb4 Bh6 36. Kg1 Bb5 37. Bxb5 axb5 38. e5 Bf8 39. d6 exd6 40. exd6
Bxd6 41. Bb2 Rc2 1/2-1/2

[Event "Politiken Cup 2008"]
[Site "Helsingør DEN"]
[Date "2008.07.21"]
[Round "4.70"]
[White "Marshall, Michael"]
[Black "Andersen, Lars Christoff"]
[Result "0-1"]
[WhiteElo "1917"]
[BlackElo "2131"]
[PlyCount "72"]
[EventDate "2008.07.20"]
[EventType "swiss"]
[EventRounds "9"]
[EventCountry "DEN"]
[Source "lmi"]
[SourceDate "2008.07.20"]
[WhiteTeam "Odysseus"]
[BlackTeam "Herlev"]

1. d4 d5 2. Nf3 Nf6 3. e3 Bg4 4. c4 c6 5. cxd5 cxd5 6. Qb3 Qc7 7. Nc3 Bxf3 8.
gxf3 e6 9. Bd2 Nc6 10. Bg2 Be7 11. Rc1 O-O 12. f4 Rfc8 13. a3 Na5 14. Qa2 Nc4
15. b3 Bxa3 16. bxc4 Bxc1 17. Bxc1 Qxc4 18. Qxc4 Rxc4 19. Kd2 a5 20. Ba3 Ng4
21. Rb1 Nxf2 22. Rxb7 Ng4 23. Nxd5 exd5 24. Bxd5 Rc2+ 25. Kxc2 Nxe3+ 26. Kd3
Nxd5 27. Ke4 Nf6+ 28. Ke5 h6 29. d5 Ng4+ 30. Kd6 Ne3 31. Kc6 Rc8+ 32. Kd7 Rc3
33. d6 Rxa3 34. Kc8 Nf5 35. Kd7 Rd3 36. Rb6 Rxd6+ 0-1

[Event "Politiken Cup 2008"]
[Site "Helsingør DEN"]
[Date "2008.07.21"]
[Round "4.71"]
[White "Sørensen, Svend Erik Forby"]
[Black "Eriksson, Christian"]
[Result "1/2-1/2"]
[WhiteElo "1911"]
[BlackElo "2127"]
[PlyCount "68"]
[EventDate "2008.07.20"]
[EventType "swiss"]
[EventRounds "9"]
[EventCountry "DEN"]
[Source "lmi"]
[SourceDate "2008.07.20"]
[WhiteTeam "Ålgårde"]
[BlackTeam "Hørsholm"]

1. c4 c5 2. Nc3 Nc6 3. g3 g6 4. Bg2 Bg7 5. Nf3 e6 6. d3 Nge7 7. O-O O-O 8. Bg5
h6 9. Bd2 Kh7 10. Rb1 d5 11. a3 b6 12. b4 cxb4 13. axb4 dxc4 14. dxc4 Rb8 15.
Qc2 e5 16. Rfd1 Nd4 17. Nxd4 exd4 18. Bf4 Bf5 19. Be4 Rc8 20. Nb5 Bxe4 21. Qxe4
Rxc4 22. Qd3 Rc8 23. Nxd4 Nd5 24. Bd2 Qf6 25. Nf3 Rfd8 26. Qb3 Ne7 27. Rbc1 Nf5
28. Rxc8 Rxc8 29. Bf4 Re8 30. Rd7 Re7 31. Rxe7 Qxe7 32. Qc4 Nd6 33. Qd5 Ne8 34.
Qc4 Nd6 1/2-1/2

[Event "Politiken Cup 2008"]
[Site "Helsingør DEN"]
[Date "2008.07.21"]
[Round "4.72"]
[White "Nohr, Finn"]
[Black "Hansen, Henrik Damgaard"]
[Result "1-0"]
[WhiteElo "2127"]
[BlackElo "1893"]
[PlyCount "71"]
[EventDate "2008.07.20"]
[EventType "swiss"]
[EventRounds "9"]
[EventCountry "DEN"]
[Source "lmi"]
[SourceDate "2008.07.20"]
[WhiteTeam "Sydøstfyn"]
[BlackTeam "Hillerød"]

1. e4 d5 2. exd5 Nf6 3. d4 Bg4 4. Bb5+ Nbd7 5. f3 Bf5 6. Nc3 a6 7. Ba4 b5 8.
Bb3 Nb6 9. Nge2 Nbxd5 10. Nxd5 Nxd5 11. O-O e6 12. Ng3 Bg6 13. f4 Qd7 14. Qf3
O-O-O 15. a4 b4 16. c4 bxc3 17. bxc3 c6 18. Bc4 Kb7 19. Bd2 Ka7 20. f5 exf5 21.
Nxf5 Bxf5 22. Qxf5 Qxf5 23. Rxf5 f6 24. Re1 Bd6 25. g3 Nc7 26. Bf1 Rhe8 27. Bg2
Rxe1+ 28. Bxe1 Re8 29. Bf2 Kb7 30. Kf1 Be7 31. c4 Bb4 32. a5 Rf8 33. Rf3 Bxa5
34. Rb3+ Kc8 35. Bxc6 g6 36. d5 1-0

[Event "Politiken Cup 2008"]
[Site "Helsingør DEN"]
[Date "2008.07.21"]
[Round "4.73"]
[White "Jensen, Niels Christian"]
[Black "Brondum, Eric"]
[Result "1/2-1/2"]
[WhiteElo "1903"]
[BlackElo "2126"]
[PlyCount "32"]
[EventDate "2008.07.20"]
[EventType "swiss"]
[EventRounds "9"]
[EventCountry "DEN"]
[Source "lmi"]
[SourceDate "2008.07.20"]
[WhiteTeam "AS04"]
[BlackTeam "K41"]

1. d4 Nf6 2. c4 g6 3. Nf3 Bg7 4. g3 O-O 5. Bg2 d6 6. O-O Nc6 7. Nc3 Bf5 8. d5
Na5 9. Nd4 Bd7 10. Qd3 c5 11. Nb3 Nxb3 12. axb3 Qc8 13. Re1 Bh3 14. Ne4 Bxg2
15. Kxg2 Nxe4 16. Qxe4 Qd7 1/2-1/2

[Event "Politiken Cup 2008"]
[Site "Helsingør DEN"]
[Date "2008.07.21"]
[Round "4.74"]
[White "Lund, Per"]
[Black "Nielsen, Torkil"]
[Result "1/2-1/2"]
[WhiteElo "1878"]
[BlackElo "2118"]
[PlyCount "26"]
[EventDate "2008.07.20"]
[EventType "swiss"]
[EventRounds "9"]
[EventCountry "DEN"]
[Source "lmi"]
[SourceDate "2008.07.20"]
[WhiteTeam "Frederiksund"]
[BlackTeam "Sandavags Talvfelag"]

1. e4 e5 2. Nf3 Nc6 3. Bc4 Nf6 4. Ng5 d5 5. exd5 Nd4 6. c3 b5 7. Bf1 Nxd5 8.
cxd4 Qxg5 9. Bxb5+ Bd7 10. Bxd7+ Kxd7 11. O-O Nf4 12. g3 Bd6 13. d3 exd4
1/2-1/2

[Event "Politiken Cup 2008"]
[Site "Helsingør DEN"]
[Date "2008.07.21"]
[Round "4.75"]
[White "Nielsen, Borge Hjerrild"]
[Black "Salomonsen, Sixten"]
[Result "1-0"]
[WhiteElo "2116"]
[BlackElo "1868"]
[PlyCount "73"]
[EventDate "2008.07.20"]
[EventType "swiss"]
[EventRounds "9"]
[EventCountry "DEN"]
[Source "lmi"]
[SourceDate "2008.07.20"]
[WhiteTeam "Hvidovre"]
[BlackTeam "HG Schack Helsingborg"]

1. d4 d5 2. c4 c6 3. e3 Nf6 4. Nc3 e6 5. Nf3 Nbd7 6. a3 Be7 7. b4 a5 8. b5 cxb5
9. cxd5 exd5 10. Bxb5 O-O 11. O-O Nb8 12. Ne5 Na6 13. Bb2 Nc7 14. Bd3 Qd6 15.
Qe2 b6 16. Rfc1 Bb7 17. a4 Rfc8 18. Bf5 Ne6 19. Ba3 Qd8 20. Bxe7 Qxe7 21. h3 g6
22. Bxe6 Qxe6 23. Nb5 Qe7 24. Qb2 Nd7 25. Nxd7 Qxd7 26. Qa3 Ba6 27. Rab1 Bxb5
28. Rxb5 Rxc1+ 29. Qxc1 Rc8 30. Qb2 Rc4 31. Qb3 Qc7 32. g3 Qd7 33. Kg2 Kg7 34.
Rxb6 Rxa4 35. Qb5 Qd8 36. Rb8 Rb4 37. Qxb4 1-0

[Event "Politiken Cup 2008"]
[Site "Helsingør DEN"]
[Date "2008.07.21"]
[Round "4.76"]
[White "Kragh, Niels Kristian"]
[Black "Brorsen, Jacob Abildlund"]
[Result "1-0"]
[WhiteElo "2112"]
[BlackElo "1882"]
[PlyCount "39"]
[EventDate "2008.07.20"]
[EventType "swiss"]
[EventRounds "9"]
[EventCountry "DEN"]
[Source "lmi"]
[SourceDate "2008.07.20"]
[WhiteTeam "K41"]
[BlackTeam "BMS"]

1. e4 c5 2. Nf3 d6 3. d4 cxd4 4. Nxd4 Nf6 5. Nc3 a6 6. f4 e6 7. Qf3 Qb6 8. Nb3
Nc6 9. g4 h6 10. Bd3 Qc7 11. Be3 b5 12. O-O-O Nd7 13. e5 Rb8 14. exd6 Bxd6 15.
Rhe1 Bb4 16. Nd5 Qb7 17. Nxb4 Nxb4 18. Be4 Qc7 19. a3 f5 20. gxf5 1-0

[Event "Politiken Cup 2008"]
[Site "Helsingør DEN"]
[Date "2008.07.21"]
[Round "4.77"]
[White "Petkidis, Anthony"]
[Black "Hansen, Herborg"]
[Result "0-1"]
[WhiteElo "2073"]
[BlackElo "1751"]
[PlyCount "64"]
[EventDate "2008.07.20"]
[EventType "swiss"]
[EventRounds "9"]
[EventCountry "DEN"]
[Source "lmi"]
[SourceDate "2008.07.20"]
[WhiteTeam "Hsk Post Hannover"]
[BlackTeam "Klaksvikar"]

1. e4 e5 2. Nf3 Nc6 3. Nc3 Nf6 4. a3 d6 5. d4 exd4 6. Nxd4 Be7 7. Be3 O-O 8.
Bc4 Nxd4 9. Qxd4 Be6 10. O-O-O Ng4 11. Nd5 Bf6 12. Qd2 Nxe3 13. Qxe3 Re8 14. f4
Bxd5 15. Bxd5 c6 16. Ba2 d5 17. e5 Rxe5 18. Qf3 Re7 19. Bb3 Qc7 20. g4 Re4 21.
Rdf1 Rae8 22. h4 Bd4 23. Kb1 Re3 24. Qd1 R8e4 25. f5 Rg3 26. g5 Qe5 27. c3 Bxc3
28. bxc3 Qxc3 29. Ka2 Rg2+ 30. Bc2 Rxc2+ 31. Qxc2 Qxc2+ 32. Ka1 Re2 0-1

[Event "Politiken Cup 2008"]
[Site "Helsingør DEN"]
[Date "2008.07.21"]
[Round "4.78"]
[White "Thestrup, Sixten"]
[Black "Rostgaard, Tobias Valentin"]
[Result "0-1"]
[WhiteElo "1883"]
[BlackElo "2035"]
[PlyCount "120"]
[EventDate "2008.07.20"]
[EventType "swiss"]
[EventRounds "9"]
[EventCountry "DEN"]
[Source "lmi"]
[SourceDate "2008.07.20"]
[WhiteTeam "Øbro"]
[BlackTeam "Frem"]

1. e4 c5 2. b3 Nc6 3. Bb2 e5 4. Bc4 d6 5. Ne2 Nf6 6. Nbc3 Be7 7. O-O O-O 8. f4
Nd4 9. f5 Rb8 10. a4 a6 11. d3 b5 12. axb5 axb5 13. Nxd4 cxd4 14. Nxb5 d5 15.
exd5 Nxd5 16. Bxd5 Qxd5 17. Ba3 Bxa3 18. Nxa3 e4 19. dxe4 Qxe4 20. Qf3 Qe8 21.
Nc4 Bb7 22. Qg3 Qc6 23. f6 g6 24. Rf2 Qe6 25. Qf4 Ra8 26. Raf1 Kh8 27. Qxd4 Ba6
28. Rf4 Rfe8 29. Rh4 Qe2 30. Qf4 Bb7 31. Qg4 Rad8 32. Qh3 h5 33. Qg3 Rd1 34.
Rhf4 Red8 35. R4f2 Rxf1+ 36. Rxf1 Qxc2 37. h3 Kg8 38. Kh2 h4 39. Qf2 Qxb3 40.
Na5 Qg3+ 41. Qxg3 hxg3+ 42. Kxg3 Rd3+ 43. Kh2 Bd5 44. Rf4 Ra3 45. Nc4 Ra4 46.
Nb6 Rxf4 47. Nxd5 Rd4 48. Ne3 Rd3 49. Ng4 Ra3 50. h4 Kf8 51. g3 Ke8 52. Ne5 Ra6
53. Ng4 Kd7 54. Kh3 Ra4 55. Ne5+ Ke6 56. Ng4 Kf5 57. Nh6+ Kxf6 58. Ng4+ Ke6 59.
Nh2 Ra3 60. Kg2 f6 0-1

[Event "Politiken Cup 2008"]
[Site "Helsingør DEN"]
[Date "2008.07.21"]
[Round "4.79"]
[White "Kelder, Sjoerd"]
[Black "Christiansen, Erling"]
[Result "1/2-1/2"]
[WhiteElo "1798"]
[BlackElo "2008"]
[PlyCount "120"]
[EventDate "2008.07.20"]
[EventType "swiss"]
[EventRounds "9"]
[EventCountry "DEN"]
[Source "lmi"]
[SourceDate "2008.07.20"]
[WhiteTeam "HSV de Eenhoorn"]
[BlackTeam "Valby"]

1. c4 e5 2. Nc3 c5 3. g3 d6 4. d3 f5 5. Bg2 Nf6 6. Bg5 Be7 7. Rb1 Nc6 8. e3 O-O
9. Nge2 Rb8 10. O-O Be6 11. Bxf6 Bxf6 12. Nd5 Qd7 13. Nec3 Kh8 14. a3 Ne7 15.
Nxe7 Qxe7 16. Nd5 Qd7 17. b4 b6 18. b5 g6 19. a4 Bxd5 20. Bxd5 Bd8 21. Qd2 Bc7
22. f4 Qg7 23. Qb2 Rbe8 24. Rbe1 Bd8 25. Bc6 Re7 26. e4 exf4 27. Qxg7+ Kxg7 28.
Rxf4 fxe4 29. Rfxe4 Ref7 30. Re6 Rf6 31. Kg2 Rxe6 32. Rxe6 Rf6 33. Re8 Rf8 34.
Rxf8 Kxf8 35. Kf3 Ke7 36. Ke4 h6 37. Bd5 Kd7 38. Bf7 g5 39. Kf5 Be7 40. Be6+
Ke8 41. Ke4 Kd8 42. Kd5 Kc7 43. Bg4 Bf6 44. Ke6 Bd4 45. Bh5 Bg1 46. h3 Bh2 47.
g4 Kd8 48. Kf6 Kd7 49. Bf7 Be5+ 50. Kg6 Ke7 51. Bd5 Bd4 52. Kxh6 Kf6 53. Kh7
Bf2 54. Kg8 Ke7 55. Kg7 Be3 56. Kg6 Bf4 57. Kg7 Bd2 58. h4 gxh4 59. g5 h3 60.
Kg6 h2 1/2-1/2

[Event "Politiken Cup 2008"]
[Site "Helsingør DEN"]
[Date "2008.07.21"]
[Round "4.80"]
[White "Jogvansson, Hjalti Toftum"]
[Black "Kulago, Alexander"]
[Result "0-1"]
[WhiteElo "1750"]
[BlackElo "2305"]
[PlyCount "92"]
[EventDate "2008.07.20"]
[EventType "swiss"]
[EventRounds "9"]
[EventCountry "DEN"]
[Source "lmi"]
[SourceDate "2008.07.20"]
[WhiteTeam "Havnar Telvingarfelag"]

1. d4 d5 2. Nf3 Nf6 3. Bf4 e6 4. e3 c5 5. c3 Nc6 6. Bd3 Bd6 7. Ne5 Qc7 8. Nxc6
Bxf4 9. Nxa7 Rxa7 10. exf4 c4 11. Bc2 Qxf4 12. O-O Bd7 13. Nd2 O-O 14. a3 Rfa8
15. Nf3 Ba4 16. Ne5 Bxc2 17. Qxc2 b5 18. Nc6 Rc7 19. Nb4 Ng4 20. g3 Qh6 21. h4
Nf6 22. f3 Qg6 23. Qxg6 hxg6 24. Rfe1 Kf8 25. Kg2 Ke7 26. Re5 Kd7 27. Rg5 Ke7
28. Rd1 Rcc8 29. Rh1 Rh8 30. Re5 Rh6 31. g4 Nd7 32. g5 Rh5 33. Re2 Rah8 34. Kg3
Rxg5+ 35. Kf4 Rf5+ 36. Kg4 Nf6+ 37. Kg3 Nh5+ 38. Kf2 Nf4 39. Rd2 Rfh5 40. Kg3
g5 41. Rdh2 f6 42. Nc2 Nd3 43. Ne3 f5 44. Nd1 gxh4+ 45. Rxh4 Rg5+ 46. Kh3 Nf4+
0-1

[Event "Politiken Cup 2008"]
[Site "Helsingør DEN"]
[Date "2008.07.21"]
[Round "4.81"]
[White "Kaaber, Jacob"]
[Black "Rasmussen, Morten"]
[Result "1-0"]
[WhiteElo "2206"]
[BlackElo "1885"]
[PlyCount "91"]
[EventDate "2008.07.20"]
[EventType "swiss"]
[EventRounds "9"]
[EventCountry "DEN"]
[Source "lmi"]
[SourceDate "2008.07.20"]
[WhiteTeam "Køge"]
[BlackTeam "Enkeltmedlem"]

1. e4 e5 2. Nf3 Nf6 3. Nxe5 d6 4. Nf3 Nxe4 5. Nc3 Nxc3 6. dxc3 Be7 7. Be3 Nc6
8. Qd2 Bg4 9. h3 Bxf3 10. gxf3 Ne5 11. Be2 Qd7 12. O-O-O Qa4 13. Kb1 O-O-O 14.
f4 Nc6 15. Qd5 a6 16. Qxf7 Bf6 17. Bf3 Ne7 18. Bd4 Rhf8 19. Qe6+ Qd7 20. Qxd7+
Rxd7 21. Bg4 Ng6 22. Rhg1 Bxd4 23. Rxd4 Rff7 24. Re4 c6 25. c4 Nxf4 26. Re3 h5
27. Bxd7+ Kxd7 28. Rf3 Ke6 29. Rg5 g6 30. a3 Rf6 31. c5 dxc5 32. Rxc5 Nd5 33.
Rxf6+ Kxf6 34. h4 Nf4 35. Kc1 Ng2 36. Rc4 g5 37. hxg5+ Kxg5 38. f3 Nf4 39. Kd1
h4 40. Rc5+ Nd5 41. Ke1 Kf4 42. Kf2 Ne3 43. Rh5 Nd1+ 44. Ke2 Nxb2 45. Rxh4+ Ke5
46. Rb4 1-0

[Event "Politiken Cup 2008"]
[Site "Helsingør DEN"]
[Date "2008.07.21"]
[Round "4.82"]
[White "Palvig, David Kinch"]
[Black "Nielsen, Jan Mose"]
[Result "0-1"]
[WhiteElo "1868"]
[BlackElo "2155"]
[PlyCount "72"]
[EventDate "2008.07.20"]
[EventType "swiss"]
[EventRounds "9"]
[EventCountry "DEN"]
[Source "lmi"]
[SourceDate "2008.07.20"]
[WhiteTeam "Hillerød"]
[BlackTeam "Taastrup"]

1. Nf3 Nf6 2. c4 c6 3. d4 d5 4. e3 a6 5. Nc3 b5 6. cxd5 cxd5 7. Bd3 Bg4 8. O-O
e6 9. a4 b4 10. Nb1 a5 11. Nbd2 Be7 12. e4 dxe4 13. Nxe4 Nbd7 14. Bf4 O-O 15.
h3 Bh5 16. Ng3 Bg6 17. Bxg6 hxg6 18. Rc1 Nd5 19. Ne2 Qb6 20. b3 Rac8 21. Qd2
N7f6 22. Rxc8 Rxc8 23. Rc1 Rd8 24. Rc4 Ne4 25. Qc2 Nec3 26. Nxc3 bxc3 27. Bc1
Rb8 28. Ne5 Bd6 29. b4 Bxe5 30. bxa5 Qa6 31. Rxc3 Nxc3 32. Qxc3 Rc8 33. Qd2
Bxd4 34. Qxd4 Rxc1+ 35. Kh2 Qxa5 36. Qd7 Qc7+ 0-1

[Event "Politiken Cup 2008"]
[Site "Helsingør DEN"]
[Date "2008.07.21"]
[Round "4.83"]
[White "Andersson, Christin"]
[Black "Lindgren, Philip"]
[Result "1/2-1/2"]
[WhiteElo "2144"]
[BlackElo "1876"]
[PlyCount "120"]
[EventDate "2008.07.20"]
[EventType "swiss"]
[EventRounds "9"]
[EventCountry "DEN"]
[Source "lmi"]
[SourceDate "2008.07.20"]
[BlackTeam "Limhamn"]

1. e4 c5 2. c3 d5 3. exd5 Qxd5 4. d4 Nf6 5. dxc5 Qxc5 6. Be3 Qc7 7. Na3 Bd7 8.
Nb5 Bxb5 9. Bxb5+ Nc6 10. Qa4 a6 11. Nf3 Rc8 12. Bxc6+ Qxc6 13. Qxc6+ Rxc6 14.
O-O-O e6 15. Ne5 Rc8 16. Rhe1 Be7 17. Bg5 Nd5 18. Bxe7 Kxe7 19. Rxd5 exd5 20.
Ng6+ Kd6 21. Nxh8 Rxh8 22. Kd2 Rc8 23. Kd3 f5 24. b3 b5 25. Re2 a5 26. Kd4 g6
27. f4 b4 28. c4 dxc4 29. bxc4 a4 30. Re5 Rb8 31. c5+ Kd7 32. Kd5 Rb5 33. Kc4
Rb8 34. Rd5+ Kc7 35. Rd3 Rb7 36. h3 h5 37. Rg3 Rb8 38. Re3 Kd7 39. Kd5 Rb5 40.
Rd3 Kc7 41. Kc4 Rb8 42. Rg3 Kd7 43. Kd5 b3 44. axb3 axb3 45. Rxg6 Ke7 46. Re6+
Kf7 47. Re1 b2 48. Rb1 Ke7 49. Ke5 Rb5 50. Kxf5 Rxc5+ 51. Kg6 Rb5 52. f5 h4 53.
Kg7 Ke8 54. Re1+ Kd7 55. Rb1 Ke8 56. Kf6 Kf8 57. Ke6 Rb6+ 58. Ke5 Kf7 59. Kf4
Kf6 60. g4 hxg3 1/2-1/2

[Event "Politiken Cup 2008"]
[Site "Helsingør DEN"]
[Date "2008.07.21"]
[Round "4.84"]
[White "Jensen, Michael Agermose"]
[Black "Meier, Lars"]
[Result "1-0"]
[WhiteElo "2096"]
[BlackElo "1844"]
[PlyCount "39"]
[EventDate "2008.07.20"]
[EventType "swiss"]
[EventRounds "9"]
[EventCountry "DEN"]
[Source "lmi"]
[SourceDate "2008.07.20"]
[WhiteTeam "FREM"]
[BlackTeam "SK Grundau"]

1. e4 d5 2. exd5 Nf6 3. Nf3 Bg4 4. Bb5+ Nbd7 5. c4 c6 6. dxc6 bxc6 7. Bxc6 Rc8
8. Bb5 e5 9. d3 Bc5 10. h3 Bxf3 11. Qxf3 O-O 12. O-O h6 13. Nc3 Nb6 14. Ne4
Nxe4 15. dxe4 Bd4 16. Qe2 Rc7 17. Be3 Qc8 18. Rac1 Bxe3 19. Qxe3 Nxc4 20. Qc3
1-0

[Event "Politiken Cup 2008"]
[Site "Helsingør DEN"]
[Date "2008.07.21"]
[Round "4.85"]
[White "Jensen, Mads"]
[Black "Doran, Chris"]
[Result "1/2-1/2"]
[WhiteElo "1833"]
[BlackElo "2060"]
[PlyCount "84"]
[EventDate "2008.07.20"]
[EventType "swiss"]
[EventRounds "9"]
[EventCountry "DEN"]
[Source "lmi"]
[SourceDate "2008.07.20"]
[WhiteTeam "Tjele"]
[BlackTeam "Chester"]

1. d4 Nf6 2. Nc3 d5 3. Bg5 Nbd7 4. e3 g6 5. Bd3 Bg7 6. h4 h5 7. Nh3 c6 8. Bf4
Nf8 9. f3 Ne6 10. Be5 Bh6 11. Qe2 Qb6 12. Rb1 Bd7 13. g4 hxg4 14. fxg4 Bg7 15.
Nf2 O-O-O 16. b4 Ne4 17. Na4 Qb5 18. Bxb5 cxb5 19. Nxe4 Bxe5 20. dxe5 dxe4 21.
Nc3 Bc6 22. Nxb5 Kb8 23. c3 Ng5 24. Nd4 Nf3+ 25. Nxf3 exf3 26. Qf2 Rd3 27. Rc1
Rhd8 28. O-O Rd2 29. Qg3 Rg2+ 30. Qxg2 fxg2 31. Rxf7 Rh8 32. b5 Bd5 33. Rf2
Rxh4 34. Rxg2 Bxg2 35. Kxg2 Rxg4+ 36. Kf3 Rc4 37. a4 Kc7 38. Rg1 Rxa4 39. Ke2
Rc4 40. Kd3 Rc5 41. c4 Rxe5 42. Rxg6 Rh5 1/2-1/2

[Event "Politiken Cup 2008"]
[Site "Helsingør DEN"]
[Date "2008.07.21"]
[Round "4.86"]
[White "Andersen, Guttorm"]
[Black "Abrahamsson, Daniel"]
[Result "1/2-1/2"]
[WhiteElo "1830"]
[BlackElo "2040"]
[PlyCount "70"]
[EventDate "2008.07.20"]
[EventType "swiss"]
[EventRounds "9"]
[EventCountry "DEN"]
[Source "lmi"]
[SourceDate "2008.07.20"]
[WhiteTeam "SK Stjernen"]
[BlackTeam "Limhamns SK"]

1. d4 Nf6 2. c4 e5 3. dxe5 Ng4 4. Bf4 Nc6 5. Nf3 Bb4+ 6. Nbd2 Qe7 7. e3 Ngxe5
8. Nxe5 Nxe5 9. Be2 g5 10. Bxe5 Qxe5 11. a3 Be7 12. Rb1 d6 13. Nf3 Qg7 14. Nd4
O-O 15. Qc2 f5 16. Bd3 Qf6 17. O-O f4 18. Rbd1 c5 19. Nb5 f3 20. Bxh7+ Kg7 21.
Be4 Bg4 22. Qc3 fxg2 23. Qxf6+ Bxf6 24. Bxg2 Bxd1 25. Rxd1 Be5 26. Nc7 Rh8 27.
Nxa8 Bxh2+ 28. Kf1 Rxa8 29. Bxb7 Rb8 30. Be4 Rxb2 31. Rb1 Be5 32. Rxb2 Bxb2 33.
a4 Kf6 34. a5 Ke5 35. Bb7 a6 1/2-1/2

[Event "Politiken Cup 2008"]
[Site "Helsingør DEN"]
[Date "2008.07.21"]
[Round "4.87"]
[White "Rolvaag, Birk Anders"]
[Black "Jensen, Soren Holm"]
[Result "1/2-1/2"]
[WhiteElo "1829"]
[BlackElo "2032"]
[PlyCount "49"]
[EventDate "2008.07.20"]
[EventType "swiss"]
[EventRounds "9"]
[EventCountry "DEN"]
[Source "lmi"]
[SourceDate "2008.07.20"]
[WhiteTeam "Narvik"]
[BlackTeam "Brønshøj"]

1. e4 e5 2. Nf3 Nc6 3. Bc4 Bc5 4. d3 Nf6 5. Bb3 d6 6. c3 a6 7. Nbd2 O-O 8. O-O
Ba7 9. Re1 Be6 10. Bc2 Ne7 11. Nf1 h6 12. Ng3 Ng6 13. d4 c6 14. h3 Qc7 15. Nf5
Rfe8 16. d5 cxd5 17. exd5 Bxd5 18. c4 Bc6 19. Qxd6 Qb6 20. Be3 Qxb2 21. Nxh6+
gxh6 22. Qxf6 Bxe3 23. Bxg6 Qxf2+ 24. Kh1 fxg6 25. Qxg6+ 1/2-1/2

[Event "Politiken Cup 2008"]
[Site "Helsingør DEN"]
[Date "2008.07.21"]
[Round "4.88"]
[White "Svendsen, Peter"]
[Black "Bandke, Martin"]
[Result "0-1"]
[WhiteElo "2014"]
[BlackElo "1835"]
[PlyCount "86"]
[EventDate "2008.07.20"]
[EventType "swiss"]
[EventRounds "9"]
[EventCountry "DEN"]
[Source "lmi"]
[SourceDate "2008.07.20"]
[WhiteTeam "Hillerød"]
[BlackTeam "SC Leinfelden"]

1. d4 Nf6 2. c4 e6 3. Nf3 d5 4. Nc3 c6 5. Bg5 Nbd7 6. cxd5 exd5 7. e3 Qa5 8.
Bxf6 Nxf6 9. Qc2 Bd6 10. Bd3 O-O 11. O-O Re8 12. Ng5 g6 13. Rfe1 Qc7 14. h3 Kg7
15. e4 dxe4 16. Ncxe4 Nxe4 17. Nxe4 Bf5 18. Nxd6 Rxe1+ 19. Rxe1 Bxd3 20. Qc5
Kg8 21. Re8+ Rxe8 22. Nxe8 Qd8 23. Qe5 Kf8 24. Nf6 h6 25. d5 cxd5 26. Nxd5 Kg8
27. Nf6+ Kf8 28. Ng4 h5 29. Qh8+ Ke7 30. Qf6+ Ke8 31. Qxd8+ Kxd8 32. Ne5 Bb1
33. Nxf7+ Ke7 34. Ne5 Ke6 35. Nc4 Bxa2 36. Na5 Bd5 37. b3 b6 38. Nc4 Bxc4 39.
bxc4 Ke5 40. Kf1 Kd4 41. g4 hxg4 42. hxg4 Kxc4 43. f4 Kd4 0-1

[Event "Politiken Cup 2008"]
[Site "Helsingør DEN"]
[Date "2008.07.21"]
[Round "4.89"]
[White "Lyngsjo, Gert"]
[Black "Hobber, Anders"]
[Result "1/2-1/2"]
[WhiteElo "1811"]
[BlackElo "2012"]
[PlyCount "36"]
[EventDate "2008.07.20"]
[EventType "swiss"]
[EventRounds "9"]
[EventCountry "DEN"]
[Source "lmi"]
[SourceDate "2008.07.20"]
[WhiteTeam "SK Bara Bønder"]
[BlackTeam "Porsgrunn"]

1. Nf3 Nf6 2. c4 g6 3. b4 Bg7 4. Bb2 O-O 5. g3 d6 6. d4 Nbd7 7. Bg2 e5 8. dxe5
Ng4 9. O-O Ngxe5 10. Qb3 c6 11. Nbd2 Qc7 12. Rfd1 Nxf3+ 13. Nxf3 Ne5 14. Bd4
Be6 15. Qc3 f6 16. Nxe5 fxe5 17. Be3 Rf7 18. Rac1 Rc8 1/2-1/2